Yvette Nicole Brown Filmography - Statistics

General Stats
  • This quiz has been taken 5 times
  • The average score is 1 of 23
Answer Stats
Year Movie % Correct
2019 Avengers: Endgame
100%
2019 Lady and the Tramp
33%
2009 500 Days of Summer
0%
2019 Always a Bridesmaid
0%
TBD Blind Psychosis
0%
2021 Broken Diamonds
0%
2020 Definition Please
0%
2022 Disenchanted
0%
2006 Dreamgirls
0%
2007 Hotel for Dogs
0%
2018 Lego DC Superhero Girls: Super-villain High
0%
2004 Little Black Book
0%
2008 Meet Dave
0%
2008 Merry Christmas, Drake and Josh
0%
2018 Most Likely To
0%
2013 Percy Jackson: Sea of Monsters
0%
2010 Repo Man
0%
2005 The Island
0%
2005 The Kid and I
0%
2007 The Neighbor
0%
2009 The Ugly Truth
0%
2008 Tropic Thunder
0%
2014 Yellowbird
0%
No matching quizzes found
Score Distribution
Percent of People with Each Score
Percentile by Number Answered
Your Score History
You have not taken this quiz